I Love Avant Garde /

Enregistré dans:
Détails bibliographiques
Auteurs principaux: Lorenz, Martin (Auteur), Asensio, Lupi (Auteur), Nagel, David (Auteur), Sidiropoulos, Kosmas (Auteur), Fofana, Raby-Florence (Auteur), Auer, Felix (Auteur), Durana, Áxel (Auteur)
Format: Livre
Langue:anglais
Publié: Hong Kong : Viction:workshop, 2010
Édition:1. vydanie
Collection:I Love Type Series Volume Two
Sujets:
Tags: Ajouter un tag
Pas de tags, Soyez le premier à ajouter un tag!

MARC

LEADER 00000nam a22000003a 4500
001 0071922
003 SK-STU
005 20200117115638.2
007 ta
008 190222s ----xo-----e------000-0-----d
020 |a 978-988-17328-7-3 
040 |a STU  |b slo 
041 0 |a eng 
044 |a ch 
100 1 |a Lorenz, Martin  |4 aut 
245 1 0 |a I Love Avant Garde /  |c aut. Martin Lorenz, Lupi Asensio, David Nagel, Kosmas Sidiropoulos, Raby-Florence Fofana, Felix Auer, Áxel Durana 
250 |a 1. vydanie 
260 |a Hong Kong :  |b Viction:workshop,  |c 2010 
300 |a 160 s. 
490 0 |a I Love Type Series  |v Volume Two 
650 0 7 |a typografia 
650 0 7 |a písmo 
650 0 7 |a grafický dizajn 
700 1 |a Asensio, Lupi  |4 aut 
700 1 |a Nagel, David  |4 aut 
700 1 |a Sidiropoulos, Kosmas  |4 aut 
700 1 |a Fofana, Raby-Florence  |4 aut 
700 1 |a Auer, Felix  |4 aut 
700 1 |a Durana, Áxel  |4 aut 
996 |b 284AU07917  |c A* 11176/U  |l AAKNAR  |s A  |a 24  |w 0071922_0001